000 00481nam a2200145Ia 4500
008 200924s9999 xx 000 0 und d
020 _a978-981-3157-41-5
100 _aRoss, Stephen A.
245 _cStephen A. Ross, Randolph W. Westerfield, Bradford D. Jordan
_aEssentials of corporate finance/
250 _a19th ed.
260 _aUS:
_bMcGraw Hill
_c2017
300 _axxxvi, 644 pages
_c25 cm.
650 _aBusiness enterprises -- finance
650 _aCorporations -- finance
999 _c364488
_d364488